LEADER 01010nam a2200241 i 4500 001 000000216114 003 CaOOAMICUS 005 20121003000000.0 008 121003s2012 it u000 u ita u 013 $a194991 020 $a978-88-8025-877-3 040 $aSeMil$bita 100 1 $aFalzone, Maria Teresa <1935-1912>.$0(OLS)http://semarc/name/76552 245 10$aGiacomo Cusmano :$bsacerdote per i poveri /$cMaria Teresa Falzone. 260 $aMilano :$bCentro Ambrosiano,$c2012. 300 $a155 p. ;$c21 cm. 600 14$aCusmano, Giacomo .$0(OLS)http://semarc/subject/21562 850 $aSeMil 852 $aSeMil$W1$xVenegono$y1$m3H IV 419$j166534$B166534$CSeMilBibl$Z2$F179260 $81 961 $aOmaggio: ITL 996 $6020$a978-88-8025-877-3$9(OLS)http://semarc/number/212993 996 $6245$aGiacomo Cusmano :$bsacerdote per i poveri$9(OLS)http://semarc/title/310922 996 $6260$aMilano :$bCentro Ambrosiano$9(OLS)http://semarc/publisher/29766 LEADER 01145nam a2200253 i 4500 001 000000079267 003 CaOOAMICUS 005 20170406000000.0 008 170406s2001 it u000 u ita u 013 $a51504 020 $a88-7364-004-4 040 $aSeMil$bita 100 1 $aMonari, Luciano.$0(OLS)http://semarc/name/91198 245 10$aCome profumo d'incenso :$bsalga a te la mia preghiera (Sl. 141,2) : Lectio divina sui Salmi /$cLuciano Monari. 260 $aPiacenza :$bNuova Editrice Berti,$c2001. 300 $a204 p. ;$c20 cm. 650 4$aLectio divina.$0(OLS)http://semarc/subject/2808 650 4$aBibbia. Antico Testamento. Salmi - Meditazioni.$0(OLS)http://semarc/subject/3798 850 $aSeMil 852 $aSeMil$W1$xVenegono$y1$m3F V 272$j45005$B45005$CSeMilBibl$Z2$F46863 $81 961 $aLascito: Coronelli don Renato 996 $6020$a88-7364-004-4$9(OLS)http://semarc/number/270456 996 $6245$aCome profumo d'incenso :$bsalga a te la mia preghiera (Sl. 141,2) : Lectio divina sui Salmi$9(OLS)http://semarc/title/403258 996 $6260$aPiacenza :$bNuova Editrice Berti$9(OLS)http://semarc/publisher/53103